Hiroshima in history and memory
Đã lưu trong:
| 格式: | 图书 |
|---|---|
| 语言: | Undetermined |
| 出版: |
Cambridge, New York
Cambridge Univ. Press
1996
|
| 主题: | |
| 标签: |
添加标签
没有标签, 成为第一个标记此记录!
|
| Thư viện lưu trữ: | Trung tâm Học liệu Trường Đại học Cần Thơ |
|---|
| LEADER | 00671nam a2200169Ia 4500 | ||
|---|---|---|---|
| 001 | CTU_27200 | ||
| 008 | 210402s9999 xx 000 0 und d | ||
| 020 | |b 58.21Dfl | ||
| 082 | |a 940.5425 | ||
| 082 | |b H668 | ||
| 245 | 0 | |a Hiroshima in history and memory | |
| 260 | |a Cambridge, New York | ||
| 260 | |b Cambridge Univ. Press | ||
| 260 | |c 1996 | ||
| 650 | |a atomic bomb victims - japan,hiroshima-shi ( japan ) - history - bombardment, 1945,united states - military policy - decision making,world war, 1939-1945 - aerial operations, american,world war, 1939-1945 - japan - hiroshima-shi | ||
| 904 | |i Minh, 981203 | ||
| 980 | |a Trung tâm Học liệu Trường Đại học Cần Thơ | ||